000 00365nam a2200121Ia 4500
008 250110s9999 xx 000 0 und d
041 _aeng
100 _aMudholkar Parikshit
_9183183
245 _aAnalysis Of Pollution Problems And Its Impacts On The Surrounding
260 _bBNCA M Arch EA, Pune
_c2017
300 _a155p
700 _aGuide Name:B y Pawar
_9210732
999 _c364054
_d364054